| 000 | 01821cam a2200385 4500 | ||
|---|---|---|---|
| 008 | 040913n2004 000 0 eng u | ||
| 020 | _a0750661305 | ||
| 035 | _a(Sirsi) u127334 | ||
| 041 | _aeng | ||
| 050 |
_a720.026 _c18 |
||
| 245 |
_aArchitect's legal handbook _bthe law for architects |
||
| 250 | _a8th ed. | ||
| 260 |
_aLondon _bElsevier _c2004 |
||
| 300 |
_axiii, 435p. _c30cm. |
||
| 350 | _a29.99 | ||
| 520 | _aThe eighth edition of this established text covers the latest developments in UK law relevant to an architect in practice. Aimed at architectural students and professionals, this book is arranged in five main parts: general principles of law; the law of building contracts; dispute resolution; statutory framework and regulation; and the architect in practice. Includes tables of statutes, statutory instruments and cases. Bibliography. | ||
| 650 | _aBUILT ENVIRONMENT-BUILDING CONTRACT FORMS | ||
| 650 |
_aParty walls _96258 |
||
| 650 | _aCONSTRUCTION LAW | ||
| 650 | _aPLANNING LAW | ||
| 650 | _aBUILT ENVIRONMENT-BUILDING CONTRACT FORMS-STANDARD FORMS OF BUILDING CONTRACT-JOINT CONTRACTS TRIBNUAL CONTRACTS | ||
| 650 | _aLIABILITY | ||
| 650 | _aMANAGEMENT-DISPUTE AVOIDANCE, MANAGEMENT AND RESOLUTION-DISPUTE MANAGEMENT AND RESOLUTION-ARBITRATION | ||
| 650 | _aMEDIATION | ||
| 650 |
_aHEALTH AND SAFETY _96244 |
||
| 650 | _aPROFESSIONAL CONDUCT | ||
| 650 | _aMANAGEMENT-DISPUTE AVOIDANCE, MANAGEMENT AND RESOLUTION-DISPUTE MANAGEMENT AND RESOLUTION-ALTERNATIVE DISPUTE RESOLUTION-ADJUDICATION | ||
| 650 | _aBUILT ENVIRONMENT-BUILDING CONTRACT FORMS-CONSTRUCTION COLLATERAL WARRANTY FORMS | ||
| 650 |
_aDISPUTE RESOLUTION _96236 |
||
| 650 | _aARCHITECTS | ||
| 690 | _aLAW | ||
| 700 |
_aSpeaight, Anthony _xEditor |
||
| 700 |
_aStone, Gregory _xEditor |
||
| 942 | _n0 | ||
| 999 |
_c103742 _d103742 |
||